01241nam a2200241 a 450000500170000000800410001702000150005804000230007304100130009608200180010910000140012724501760014126000530031730000610037050503230043153400610075465000370081565000280085265000240088065000270090465000300093170000380096120150917105242.0930428r19931991sp a r 00010 spa d a8425509017 ala cladCO-BoIAVH1 aspaheng04a597.92bC61t 1 aCobb, Jo.14aLas tortugas : bespecies acuáticas, terrestres y marinas, alojamiento, alimentación, cuidados, higiene, reproducción / cJo Cobb ; traducción Enrique Velza Valls. aBarcelona : bEditorial Hispano Europea, c1991. a125 p. : bilustraciones a color, fotografías c22 cm. aEvolución, clasificación y anatomía, Las tortugas acuáticas y el hombre. Tortugas terrestres tropicales. Tortugas acuáticas gicoteas. Tortugas mordedoras, del cieno y de caparazón blando. Las Sidenecks, pleurodira. Tortugas marinas. Alojamiento especializado. Salud e higiene. Reproducción en cautividad, pTítulo original. tA complete introduction to turtles. 6aQueloniosx Cría y desarrollo. 6aTortugas como mascotas. 6aCría de tortugas. 6aTortugasxTaxonomías 6aTortugasxClasificación1 aVelza Valls, Enrique, etraductor